| 000 | 00649nam a22002057a 4500 | ||
|---|---|---|---|
| 005 | 20251108164736.0 | ||
| 008 | 250721s1996 xx 000 0 ara d | ||
| 082 | 1 | 4 | _a808.309/برا |
| 100 | 1 | _aبرادبري، مالكوم | |
| 245 | 1 | 0 | _aالرواية اليوم / |
| 264 | 1 |
_aالقاهرة : _bالهيئة المصرية العامة للكتاب، _c1996. |
|
| 300 | _a199ص. | ||
| 490 | 0 | _aالألف كتاب الثاني ؛ 198 | |
| 650 | 1 | 7 | _aالقصص |
| 650 | 1 | 7 | _aالتاريخ الأدبي |
| 650 | 1 | 7 | _aالنقد الأدبي |
| 700 | 1 |
_aشاهين، أحمد عمر _eترجمة |
|
| 942 |
_2ddc _cBK |
||
| 999 |
_c13224 _d13224 |
||